| 000 | 00446cam a2200181ua 4500 | ||
|---|---|---|---|
| 020 | _c8.00 | ||
| 041 |
_ahin _h |
||
| 082 |
_a891.54 _bSUR/NA |
||
| 100 | _aSuresh, Chandra sahal . | ||
| 245 |
_aNai kavitha our uska mulyankan / _cSahal suresh chandra. _hTextual Documents |
||
| 250 |
_a1 / _b. |
||
| 260 |
_a : _bAtmaram and Sons , _c1963. |
||
| 300 | _a196 ; . | ||
| 365 | _a8.00 | ||
| 504 | _a | ||
| 942 | _cBK | ||
| 999 |
_c3720 _d3720 |
||